| 000 | 01204nas a2200361 4500 | ||
|---|---|---|---|
| 001 | BR2012009075 | ||
| 003 | BR-BrBNA | ||
| 005 | 20231205121613.0 | ||
| 007 | ta | ||
| 008 | 230509b bl.|||p| |||| 00| 00por d | ||
| 040 |
_aBR-BrBNA _bpor _cBiblioteca Nacional de Agricultura |
||
| 041 | _a(Pt) | ||
| 072 | _aL73 | ||
| 100 | 1 | _aPimentel, J.S. | |
| 100 | 1 | _aGennari, S.M. | |
| 100 | 1 | _aDubey, J.P. | |
| 100 | 1 | _aMarvulo, M.F.V. | |
| 100 | 1 | _aVasconcellos, S.A. | |
| 100 | 1 | _aMorais, Z.M. | |
| 100 | 1 | _aSilva, J.C.R. | |
| 100 | 1 | _aEvêncio Neto, J. | |
| 245 | 1 | _aInquérito sorológico para toxoplasmose e leptospirose em mamíferos selvagens neotropicais do Zoológico de Aracaju, Sergipe | |
| 246 | 1 | _aSerological survey of toxoplasmosis and leptospirosis in neotropical wild mammals from Aracaju Zoo, Sergipe, Brazil | |
| 650 | _aDOENÇA ANIMAL | ||
| 650 | _aMAMÍFERO | ||
| 650 | _aTOXOPLASMOSE | ||
| 650 | _aLEPTOSPIROSE | ||
| 650 | _aDIAGNÓSTICO | ||
| 650 | _aANIMAL SELVAGEM | ||
| 773 | 0 |
_tPesquisa Veterinária Brasileira (Brazil) _xISSN 0100-736X _g(Dec 2009), v. 29(12) p. 1009-1014 _wBR2012009075 |
|
| 909 |
_a202311 _bLúcia _c55 _dLúcia Elande |
||
| 942 |
_2AGRIS _n0 _cANA |
||
| 999 |
_c224329 _d224329 |
||